Production and inventory management

Gorde:
Xehetasun bibliografikoak
Egile Nagusiak: Fogarty, Donald W (Egilea), Hoffmann, Thomas R (Egilea)
Formatua: Liburua
Hizkuntza:ingelesa
Argitaratua: Cincinnati South-Western 1983
Gaiak:
Etiketak: Etiketa erantsi
Etiketarik gabe, Izan zaitez lehena erregistro honi etiketa jartzen!

MARC

LEADER 00000nam a2200000 a 4500
001 UCR9785
003 CL-VaPUC
008 980619e19830000US |||||||||||||||||eng|d
082 0 4 |a 658.503  |b FOG  |2 21 
100 0 |a Fogarty, Donald W  |e author  |9 412679 
700 |a Hoffmann, Thomas R  |e author  |9 412680 
245 1 0 |a Production and inventory management 
300 |a 722 p 
942 |c BK 
945 |d 19980619 00:00:00  |a cmena 
260 |a Cincinnati  |b South-Western  |c 1983 
650 0 |a Administración de empresas   |9 260833 
650 0 |a Producción   |9 263680 
650 0 |a Empresas   |9 255569 
650 0 |a Toma de decisiones   |9 257530 
650 0 |a Gestión de la producción   |9 259467 
650 0 |a Inventarios   |9 263681 
583 |a last modification  |c 19980619 00:00:00  |k Rodrigo Vera 
999 |c 270961  |d 270959 
952 |0 0  |1 0  |4 0  |6 658_503000000000000_FOG_1983  |7 0  |8 A  |9 305427  |a BIBGIM  |b BIBGIM  |d 2019-11-20  |i 142047K  |o 658.503 FOG 1983  |p 142047K  |r 2025-01-15  |w 2019-11-20  |y BK  |k COM